| 000 | 04365nam0a2200493 4500 | ||
|---|---|---|---|
| 001 | RU\NLR\BIBL_A\022119004 | ||
| 005 | 20240503122057.0 | ||
| 010 |
_a978-5-6049103-7-5 _91000 |
||
| 021 |
_aRU _bКН-П-23-076682 _9КН-П-23-7746 |
||
| 035 | _a(NLR Aleph) 022119004 | ||
| 035 | _a(RuMoRGB)012403923 | ||
| 090 |
_a12801400 _c12801400 |
||
| 100 | _a20240130d2023 u y0rusy50 ca | ||
| 101 | 1 |
_arus _cund |
|
| 102 | _aRU | ||
| 105 | _aa z 000zy | ||
| 181 | 0 |
_ai3 _baxxe |
|
| 181 | 0 |
_ab2 _bxb2e |
|
| 182 | 0 | _an | |
| 200 | 1 |
_aИталия минувших дней _eдневник путешествия 1855-1856 гг. _fЭдмон и Жюль де Гонкур _gвступительная статья и перевод под редакцией Натальи Мавлевич |
|
| 203 |
_aТекст _aИзображение _bвизуальные _cнепосредственные |
||
| 210 |
_aМосква _cКрасный пароход _d2023 |
||
| 215 |
_a383 с. _cил. _d24 |
||
| 225 | 1 | _aПроект С&О Биговчих | |
| 225 | 1 | _aRoma Aeterna | |
| 225 | 1 |
_aПрограмма содействия издательскому делу "Пушкин" Французского института при посольстве Франции в России _dProgramme d'aide promotion à la publication "Pouchkine" de l'Institut français près l'Ambassade de France en Russie _zfre |
|
| 300 | _aЗагл. и авт. ориг.: L'Italie d'hier / Edmond et Jules de Goncourt | ||
| 330 | _a"Италия минувших дней" - это дневниковые заметки одного из известнейших писательских тандемов, братьев Эдмона и Жюля де Гонкур, в честь которых названа самая престижная литературная премия Франции. За полгода, с ноября 1855 г. по май 1856 г., они проехали от Домодоссолы до Неаполя, впитывая атмосферу итальянских городов, всматриваясь в их архитектуру, разглядывая, точно под микроскопом, мозаики, фрески и картины в соборах и музеях, подмечая особенности местных жителей. Читателю этой книги предстанут не приукрашенные картинки с яркими пейзажами, а натуралистичные зарисовки, которые складываются в многогранный коллаж деталей, выхваченных зорким взглядом и описанных точным, а порой и едким слогом. Путевые заметки авторы намеревались положить в основу серии новелл об итальянских городах, однако была написана только одна из задуманных новелл "Венеция ночью", которой завершается эта книга. На русском языке издается впервые | ||
| 333 | _a18+ | ||
| 454 | 0 |
_12001#$aL'Italie d'hier$fEdmond et Jules de Goncourt _1700#1$aGoncourt$bE. de$f1822-1896$gEdmond de$3RU\NLR\AUTH\770265179 _1701#1$aGoncourt$bJ. de$f1830-1870$gJules de$3RU\NLR\AUTH\770265222 _tL'Italie d'hier _aGoncourt, Edmond de (1822-1896) |
|
| 600 | 1 |
_aГонкур _bЖ. _f1830 - 1870 _gЖюль _jДневники _91449295 _3RU\NLR\AUTH\66303884 |
|
| 600 | 1 |
_aГонкур _bЭ. _f1822 - 1896 _gЭдмон _jДневники _91449321 _3RU\NLR\AUTH\66303894 |
|
| 607 |
_aИталия _xОписание и путешествия французские _z19 в. _92583006 _3RU\NLR\AUTH\6601737320 |
||
| 675 |
_a821.133.1-94 _v4 |
||
| 686 | 1 | _aД890(47Ит)023 | |
| 686 | 1 | _aШ5(4Фр)52-4Гонкур Ж.12 | |
| 686 | 1 | _aШ5(4Фр)52-4Гонкур Э.12 | |
| 700 | 1 |
_7ca _8rus _aГонкур _bЭ. де _f1822-1896 _gЭдмон де _951618 _3RU\NLR\AUTH\7768690 |
|
| 701 | 1 |
_7ca _8rus _aГонкур _bЖ. де _f1830-1870 _gЖюль де _951619 _3RU\NLR\AUTH\7768691 |
|
| 942 | _cBOOK | ||
| 980 | _aNB | ||